Online
Catalog

Esto no es un juego : (Record no. 2545)

MARC details
000 -CABECERA
campo de control de longitud fija 01537nam a2200301 u 4500
001 - NÚMERO DE CONTROL
campo de control 000002709
005 - FECHA Y HORA DE LA ÚLTIMA TRANSACCIÓN
campo de control 20200929150236.0
008 - DATOS DE LONGITUD FIJA--INFORMACIÓN GENERAL
campo de control de longitud fija 090703s2002 dr d r 000 0 spa d
020 ## - NÚMERO INTERNACIONAL ESTÁNDAR DEL LIBRO
Número Internacional Estándar del Libro 9223133335
040 ## - FUENTE DE LA CATALOGACIÓN
Centro catalogador/agencia de origen DO-SdBNP
Lengua de catalogación spa
Centro/agencia transcriptor BNPHU
082 ## - NÚMERO DE LA CLASIFICACIÓN DECIMAL DEWEY
Número de clasificación 331.31
Número de documento/Ítem E81u
245 00 - MENCIÓN DE TÍTULO
Título Esto no es un juego :
Resto del título un estudio exploratorio sobre el trabajo infantil doméstico en hogares de terceros en República Dominicana /
Mención de responsabilidad, etc. coordinadora Carmen Moreno ; investigación Magaly Pineda, Carmen Julia Gómez Carrasco, Alina Ramírez.
246 04 - FORMA VARIANTE DE TÍTULO
Título propio/Titulo breve un estudio exploratorio sobre el trabajo infantil doméstico en hogares de terceros en República Dominicana :
Resto del título ¡Esto nos es un juego!
260 ## - PUBLICACIÓN, DISTRIBUCIÓN, ETC.
Lugar de publicación, distribución, etc. [Santo Domingo] :
Nombre del editor, distribuidor, etc. OIT, IPEC,
Fecha de publicación, distribución, etc. 2002.
300 ## - DESCRIPCIÓN FÍSICA
Extensión 140 p. :
Otras características físicas diagrs. ;
Dimensiones 26 cm.
500 ## - NOTA GENERAL
Nota general Proyecto : Prevención y eliminación de las peores formas de trabajo infantil doméstico en América Central y República Dominicana
504 ## - NOTA DE BIBLIOGRAFÍA, ETC.
Nota de bibliografía, etc. Incluye referencias bibliográficas
590 ## - NOTA LOCAL (RLIN)
Nota local Inventariado, 2018/VM
650 #4 - PUNTO DE ACCESO ADICIONAL DE MATERIA--TÉRMINO DE MATERIA
Término de materia o nombre geográfico como elemento de entrada Trabajo infantil
Subdivisión geográfica República Dominicana
9 (RLIN) 8549
650 #4 - PUNTO DE ACCESO ADICIONAL DE MATERIA--TÉRMINO DE MATERIA
Término de materia o nombre geográfico como elemento de entrada Trabajadores domésticos
Subdivisión geográfica República Dominicana
9 (RLIN) 8550
651 #4 - PUNTO DE ACCESO ADICIONAL DE MATERIA--NOMBRE GEOGRÁFICO
Nombre geográfico República Dominicana
Subdivisión general Condiciones Sociales
9 (RLIN) 46
700 12 - PUNTO DE ACCESO ADICIONAL--NOMBRE DE PERSONA
Nombre de persona Moreno, Carmen
Término indicativo de función/relación coord.
9 (RLIN) 8551
700 12 - PUNTO DE ACCESO ADICIONAL--NOMBRE DE PERSONA
Nombre de persona Pineda, Magaly
9 (RLIN) 8552
700 12 - PUNTO DE ACCESO ADICIONAL--NOMBRE DE PERSONA
Nombre de persona Gómez Carrasco, Carmen Júlia
9 (RLIN) 8553
700 12 - PUNTO DE ACCESO ADICIONAL--NOMBRE DE PERSONA
Nombre de persona Ramírez, Alina
9 (RLIN) 8554
710 2# - PUNTO DE ACCESO ADICIONAL--NOMBRE DE ENTIDAD CORPORATIVA
Nombre de entidad corporativa o nombre de jurisdicción como elemento de entrada Oficina Internacional del Trabajo.
Unidad subordinada Programa Internacional para la Erradicación del Trabajo Infantil
9 (RLIN) 8555
910 ## - DATOS DE OPCIÓN DEL USUARIO (OCLC)
Datos de opción del usuario Validado. Control de calidad MFF
Holdings
Estado de retiro Estado de pérdida No para préstamo Código de colección Localización permanente Ubicación/localización actual Ubicación en estantería Fecha de adquisición Número de inventario Total de préstamos Signatura topográfica completa Código de barras Fecha visto por última vez Precio válido a partir de Tipo de ítem Koha Número de copia
    Excluido de préstamo Patrimonio Dominicano Patrimonio Dominicano Patrimonio Dominicano Depósito 03.07.2009 LF1   331.31 E81u 2709-10 25.06.2020 25.06.2020 Libro y Folleto Colección Patrimonio Dominicano  
    Excluido de préstamo Patrimonio Dominicano Patrimonio Dominicano Patrimonio Dominicano Depósito 03.07.2009 LF1   331.31 E81u 2709-20 25.06.2020 25.06.2020 Libro y Folleto Colección Patrimonio Dominicano e. 2

Powered by Koha